Statistics for Answers are Backwards! [Easy]

Click here to take the quiz!

General Stats

  • This quiz has been taken 137 times
  • The average score is 6 of 15

Answer Stats

HintAnswer% Correct
Holy book of ChristianityelbiB
94%
Your father's wiferehtom
86%
Current largest country on EarthaissuR
83%
Famous ship that sank on April 15, 1912cinatiT
65%
Pharaoh's tombs in Egyptsdimaryp
48%
The universal solventretaw
41%
Musical instrument with 88 keysonaip
35%
A 42.2 km racenohtaraM
26%
Largest mammal on the planetelahw eulb
24%
Most common element in the atmospherenegortiN
24%
Retired #23 for the Chicago BullsnadroJ leahciM
16%
Animals with backbonessetarbetrev
16%
Pluto's satellitenorahC
8%
First person to climb Mount EverestyralliH dnumdE riS
7%
Na Na Na Nananana Nananana...eduJ yeH
3%

Score Distribution

Percentile by Number Answered

Percent of People with Each Score

Your Score History

You have not taken this quiz